000 00510nam a2200205Ia 4500
003 OSt
005 20230509090116.0
008 210423s2002 xx 000 0 und d
020 _a81204164144
040 _cAL
041 _aeng
082 _a660.6 SRIA
100 _aSRIVASTAVA (A K);others.
_9100155
245 _aAnimal biotechnology.
260 _aNew Delhi
_bOxford University Press
_c2002
300 _axiv,443
_bPB
365 _b245
_cINR
906 _aAnimal ; biotechnology.
942 _2ddc
_cBK
999 _c163491
_d163491